000 00900nam a2200217 a 4500
001 21419
003 CO-ViMGA
008 141112s2004 ck r 000 u spa d
020 _a970150805X
040 _aCO-ViMGA
_bspa
_cCO-ViMGA
082 0 4 _a005.8 M172p
100 1 _aMarcelo Rodao, Jesús de
_930589
245 1 0 _aPiratas ciberneticos :
_bCyberwars, seguridad informática e internet
260 _aMadrid :
_bRa Ma,
_c2002
300 _a245 + CD
505 _aEl mayor espectáculo del mundo 2 - - Hablando de plataformas 29 - - Temas de mantenimiento básico 51 - - Troyanos y gusanos 99 - - Ocultando datos : Criptografía 117
590 _aForma de adquisición : Compra fact. 0865 - - Precio : 56000 - - Proveedor : Temas y libros - - Fecha de adquisición : Mayo 2007
650 1 4 _aINTERNET - MEDIOS DE SEGURIDAD
_930590
650 1 4 _aSEGURIDAD (INFORMATICA)
_930591
942 _2ddc
_cBK
999 _c30029
_d30029